| 000 | 00421nam a22001697a 4500 | ||
|---|---|---|---|
| 001 | 25494 | ||
| 005 | 20260428153028.0 | ||
| 008 | 260427b |||||||| |||| 00| 0 spa d | ||
| 020 | _a9786129938509 | ||
| 100 | _aAngulo Mantilla, Melisa | ||
| 245 | _aLa determinación judicial de la pena | ||
| 260 |
_a : _b , |
||
| 300 |
_a000 pƔginas : _b ; _c00 cm. |
||
| 440 | _a ; | ||
| 700 | _a; | ||
| 942 |
_cLIB _dJUS _fJUS _n0 _2ddc |
||
| 999 |
_c25494 _d25494 |
||